00795 2200241 4500001002100000005001500021020002200036035002400058040001200082082002100094084002300115090002300138245011900161260002800280300004100308500011200349650001500461700001700476850001200493990001600505990001600521990001600537YOGYA00000000009986420140823124659 a978-602-7544-37-6 0010-101300000000760 aYOPDYOG 2[22]a305.895982 aYOG 305.895982 Kek aYOG 305.895982 Kek aKEKUATAN jiwabOrang Jawa : Kebangkitan dari bencana gempa bumi 2006 dan erupsi Merapi 2010ceditor, Widya Nayati. aYogyakartabOmbakc2012 aviii, 47 hlm.bilus.c21 cm (3 eks.) aDiterbitkan atas kerjasama dengan Pusat Kajian Pengembangan Kebudayaan Indonesia Pusat Studi Kebudayaan UGM aOrang Jawa aWidya Nayati aYOPDYOG a1771/B.2013 a1772/B.2013 a1773/B.2013